Refranys - Statistics

General Stats
  • This quiz has been taken 17 times
  • The average score is 13 of 30
Answer Stats
Inici Final % Correct
- De mica en mica s'omple la pica
92%
- Com més serem més riurem
85%
- Qui no arrisca no pisca
85%
- Qui té boca s'equivoca
85%
- A la taula i al llit, al primer crit
69%
- Qui no vulgui pols, que no vagi a l'era
69%
- Digue'm amb qui vas i et diré qui ets
69%
- No diguis blat que no sigui al sac i ben lligat
62%
- Al pot petit hi ha la bona confitura
62%
- Qui no plora no mama
62%
- Qui no té un all té una ceba
62%
- Els testos s'assemblen a les olles
54%
- D'on no n'hi ha no en raja
46%
- A cavall regalat, no li miris el dentat
46%
- Per lluir s'ha de patir
46%
- Tal faràs tal trobaràs
46%
- Qui dies passa, anys empeny
38%
- La pela és la pela
31%
- A grans mals, grans remeis
31%
- Mai plou a gust de tothom
23%
- Qui no té feina el gat pentina
23%
- L'hàbit no fa el monjo
23%
- Qui vulgui peix, que es mulli el cul
23%
- Val més boig conegut que savi per conèixer
23%
- De desagraïts el món n'és ple
15%
- A cal ferrer ganivet de fusta
15%
- Encara que es vesteixi de seda, la mona mona es queda
15%
- Feina feta no fa nosa
15%
- A cada bugada es perd un llençol
8%
- Hostes vingueren que de casa ens tragueren
8%
No matching quizzes found
Score Distribution
Percent of People with Each Score
Percentile by Number Answered
Your Score History
You have not taken this quiz